WNBA MVPs Quiz - Statistics

General Stats
  • This quiz has been taken 105 times
  • The average score is 10 of 27
Answer Stats
Year MVP % Correct
2023 Breanna Stewart
85%
2022 A'ja Wilson
82%
2020 A'ja Wilson
52%
2013 Candace Parker
45%
2009 Diana Taurasi
45%
2008 Candace Parker
42%
2018 Breanna Stewart
40%
2021 Jonquel Jones
40%
2014 Maya Moore
40%
2019 Elena Delle Donne
37%
2001 Lisa Leslie
37%
2000 Sheryl Swoopes
35%
1997 Cynthia Cooper
33%
2006 Lisa Leslie
33%
2002 Sheryl Swoopes
33%
1998 Cynthia Cooper
32%
2004 Lisa Leslie
32%
2015 Elena Delle Donne
31%
2012 Tina Charles
30%
2010 Lauren Jackson
29%
2003 Lauren Jackson
29%
2005 Sheryl Swoopes
29%
2007 Lauren Jackson
27%
2016 Nneka Ogwumike
26%
2017 Sylvia Fowles
26%
2011 Tamika Catchings
26%
1999 Yolanda Griffith
21%
No matching quizzes found
Score Distribution
Percent of People with Each Score
Percentile by Number Answered
Your Score History
You have not taken this quiz